| 000 | 01003nam a2200265 a 4500 | ||
|---|---|---|---|
| 001 | 33267 | ||
| 003 | BD-RjUL | ||
| 005 | 20211209051957.0 | ||
| 008 | 140430s1967 enk 000 01eng u | ||
| 035 | _a(BD-RjUL)33358 | ||
| 040 |
_aTOL _dm.c _dEQO _beng _cBD-RjUL |
||
| 041 | _aeng | ||
| 082 |
_a301.58 _bSTS V-2 1967 |
||
| 100 | 1 |
_aStark, Werner, _d1909-1985. _9101004 |
|
| 245 | 1 | 4 |
_aThe sociology of religion : _ba study of Christendom / _cWerner Stark. _nVolume Two : _pSectarian religion |
| 260 |
_aLondon : _bRoutledge & Kegan Paul, _cc1967. |
||
| 300 |
_aviii, 357 p. ; _c23 cm. |
||
| 504 | _aIncludes index. | ||
| 505 | 0 | _av.1. Established religion -- v 2. Sectarian religion -- v.3. The universal church -- v. 4. Types of religious man -- v.5.: Types of religious culture. | |
| 650 | 0 |
_aReligion and sociology. _95230 |
|
| 830 | 0 |
_aInternational library of sociology and social reconstruction (Routledge & Kegan Paul) _9101020 |
|
| 942 |
_2ddc _cBK |
||
| 999 |
_c33267 _d33267 |
||